Sports Quiz

Random Sports or NCAA Quiz
Score 0/15 Timer 05:00
5 Plays Today
Titles School % Correct
5Duke
97.6%
11UCLA
96.5%
6North Carolina
95.9%
8Kentucky
95.4%
3Kansas
87.6%
2Florida
83.9%
2Michigan State
83.5%
5Indiana
79.9%
Titles School % Correct
4Connecticut
74.7%
3Villanova
73.1%
2Louisville
68.8%
2North Carolina State
57.9%
2Oklahoma State
40.4%
2San Francisco
39.8%
2Cincinnati
36.7%
Come Together.
Have Fun.
All Virtual.
We all need to come together. Play Sporcle's virtual live trivia to have fun, connect with people, and get your trivia on. Join a live hosted trivia game for your favorite pub trivia experience done virtually. If a virtual private party is more your thing, go here for details.

You're not logged in!

Compare scores with friends on all Sporcle quizzes.
OR
Log In

Sporcle TV

Today on Sporcle TV


Watch our educational content, quiz creation guides, and fun videos on Sporcle TV.

Show Comments

Extras

Top Quizzes Today


Score Distribution

Paid Content

Your Account Isn't Verified!

In order to create a playlist on Sporcle, you need to verify the email address you used during registration. Go to your Sporcle Settings to finish the process.

Report this User

Report this user for behavior that violates our Community Guidelines.

Details: